000 00293nam a22001337a 4500
008 171228b xxu||||| |||| 00| 0 eng d
020 _a9780078110825
041 _aeng
080 _a330.722
100 _a61
101 _aKON
245 _aFINANCIAL ACCOUNTING
_cSPICELAND
942 _2udc
_cBK
999 _c39547
_d39547